| 000 | 00929nam0a22002531 4500 | ||
|---|---|---|---|
| 001 | rc\1001137 | ||
| 005 | 20260407095856.0 | ||
| 035 | _a(NLR Aleph) 006167431 | ||
| 090 |
_a5928180 _c5928180 |
||
| 100 | _a20041129d1981 |||y0rusy50 ca | ||
| 101 | 0 | _arus | |
| 102 | _aRU | ||
| 105 | _aa ||||||||| | ||
| 200 | 1 |
_aСовременная технология производства и применение абразивных материалов и инструментов _e[Сб. статей] _fВНИИ абразивов и шлифования |
|
| 210 |
_aЛ. _cВНИИАШ _d1981 |
||
| 215 |
_a124 с. _cил. _d21 |
||
| 300 | _aЗагл. обл.: Труды | ||
| 512 | 0 | _aТруды | |
| 712 | 0 | 2 |
_aВНИИ абразивов и шлифования _cЛенинград _3RU\NLR\AUTH\889925506 _9346806 |
| 801 | 0 |
_aRU _bNLR _gpsbo |
|
| 801 | 1 |
_aRU _bELAR _2rusmarc |
|
| 852 |
_aNLR _j82-5/837 |
||
| 942 | _cBOOK | ||
| 980 | _aNB | ||